Watch the language (Record no. 77636)

MARC details
000 -LEADER
fixed length control field 00968cab a2200217 4500
001 - CONTROL NUMBER
control field ##L134746
008 - FIXED-LENGTH DATA ELEMENTS--GENERAL INFORMATION
fixed length control field 060830n2006 000 0 eng u
035 ## - SYSTEM CONTROL NUMBER
System control number (Sirsi) u134746
041 0# - LANGUAGE CODE
Language code of text/sound track or separate title eng
100 1# - MAIN ENTRY--PERSONAL NAME
Personal name Mackie, Bill
245 00 - TITLE STATEMENT
Title Watch the language
260 ## - PUBLICATION, DISTRIBUTION, ETC.
Date of publication, distribution, etc. 2006
490 #0 - SERIES STATEMENT
Series statement Estates Gazette
Volume/sequential designation (0634) 26 August 2006, 88(1)
520 ## - SUMMARY, ETC.
Summary, etc. Suggests that housebuilders should examine their documentation to ensure that it is comprehensible to their customers. Legal documents should be written in plain English, otherwise they could be deemed unfair under the Unfair Terms in Consumer Contracts Regulations 1999, where a contract term can be rendered unenforceable if it is unfair due to being written in unintelligible language.
590 ## - LOCAL NOTE (RLIN)
Local note IKA050906
650 24 - SUBJECT ADDED ENTRY--TOPICAL TERM
Topical term or geographic name entry element UNFAIR TERMS IN CONSUMER CONTRACTS REGULATIONS 1999
651 #4 - SUBJECT ADDED ENTRY--GEOGRAPHIC NAME
Geographic name United Kingdom
Chronological subdivision
690 ## - LOCAL SUBJECT ADDED ENTRY--TOPICAL TERM (OCLC, RLIN)
Topical term or geographic name as entry element PROPERTY-PROPERTY ACQUISITION AND DISPOSAL
700 1# - ADDED ENTRY--PERSONAL NAME
Personal name Higbee, Janet
942 ## - ADDED ENTRY ELEMENTS (KOHA)
Suppress in OPAC 0
Holdings
Withdrawn status Lost status Source of classification or shelving scheme Damaged status Not for loan Home library Current library Shelving location Date acquired Total Checkouts Full call number Barcode Date last seen Copy number Price effective from Koha item type
    Dewey Decimal Classification     London London Journal article 30/08/2006   L134746 134746-1001 06/08/2019 1 06/08/2019 Journal article